LDR 00741naa#a2200169#i#450# 001 RU\INFRA-M\bibl\114913 005 20260705163010.7 011 ## _a2305-7807 100 ## _a20251230b2025####ek#y0rusy0150####ca 102 ## _aRU 200 1# _aИНСТИТУТЫ, СТРАТИФИКАЦИЯ В СИСТЕМЕ УПРАВЛЕНИЯ КАЧЕСТВОМ _eЖурнальная статья 210 1# _aМосква _cОбщество с ограниченной ответственностью «Научно-издательский центр ИНФРА-М» _d2025 215 ## _a5 с. 608 ## _aЖурнальная статья _2local 675 ## _aСоциальный прогресс. 316.422.42 _z 700 #1 _aСметанина _gТ. В. 856 4# _anaukaru.ru _u